| Tag |
First Indicator |
Second Indicator |
Subfields |
| LEADER |
00000cam a2200000 a 4500 |
| 001 |
in00000994821 |
| 005 |
20150927181019.0 |
| 008 |
910328s1990 dcu r f00000 eng d |
| 010 |
|
|
|a (DG91068331
|
| 035 |
|
|
|a (OCoLC)23346737
|
| 035 |
|
|
|9 AEZ0740AM
|
| 040 |
|
|
|a GPO
|c GPO
|d DLC
|d UtOrBLW
|
| 043 |
|
|
|a n-us---
|
| 074 |
|
|
|a 370
|
| 086 |
0 |
|
|a D 201.2:Sm 1/2
|
| 245 |
0 |
0 |
|a Small and disadvantaged business assistance directory.
|
| 264 |
|
1 |
|a [Washington, D.C.?] :
|b Dept. of the Navy,
|c [1990]
|
| 300 |
|
|
|a 1 volume (various pagings) ;
|c 28 cm.
|
| 336 |
|
|
|a text
|b txt
|2 rdacontent
|
| 337 |
|
|
|a unmediated
|b n
|2 rdamedia
|
| 338 |
|
|
|a volume
|b nc
|2 rdacarrier
|
| 490 |
1 |
|
|a NAVSO P ;
|v 3675
|
| 500 |
|
|
|a Cover title.
|
| 500 |
|
|
|a Shipping list number: 91-259-P.
|
| 500 |
|
|
|a "October 1990."
|
| 610 |
1 |
0 |
|a United States.
|b Navy
|x Procurement
|x Directories.
|
| 650 |
|
0 |
|a Small business
|z United States
|x Directories.
|
| 710 |
1 |
|
|a United States.
|b Navy Department.
|
| 830 |
|
0 |
|a NAVSO P ;
|v 3675.
|
| 999 |
|
|
|a MARS
|
| 999 |
f |
f |
|s dd308fed-1982-3b37-83c7-090da75d4f7d
|i 003d024b-2dc5-398f-8688-d98e5a020fb8
|t 0
|
| 952 |
f |
f |
|p normal
|a Texas A&M University
|b College Station
|c Sterling C. Evans Library
|d Evans: US Documents (Annex 5th floor)
|t 0
|e D 201.2:Sm 1/2
|h Superintendent of Documents classification
|i unmediated -- volume
|m A14814764621
|
| 998 |
f |
f |
|a D 201.2:Sm 1/2
|t 0
|l Evans: US Documents (Annex 5th floor)
|